000 00497nam a2200169 i 4500
001 31788
003 ES-MaACL
005 20230906154437.0
007 t|
008 030130s1974 sp ||||1| spa d
100 1 _aBeck, Julián.
_926924
245 1 3 _aEl living theatre /
_cJulián Beck ; [traducción: José Martín Arancibia].
260 _aMadrid :
_bFundamentos,
_c1974.
300 _a269 p. ;
_c20 cm.
700 1 _aMartín Arancibia, José.
_977394
852 _aES-MaACL
_jC-56642
_bR.89330
999 _c31788
_d31788